| 000 | 00990cab a2200277 4500 | ||
|---|---|---|---|
| 001 | WB3035-35 | ||
| 008 | 090401t1994 xxu||||| |||| 00| 0 eng d | ||
| 035 | _a(Sirsi) u52932 | ||
| 041 | _aeng | ||
| 245 | _aAdded value of woodland | ||
| 260 | _c1994 | ||
| 350 | _a0 | ||
| 490 |
_aPlanning (for the Natural and Built Environment) _v(1086) 16 September 1994, 30(1) |
||
| 520 | _aResearch by John Clegg & Co, commissioned by the Forestry Commission, shows that woodland on rural property can increase the value of the property by 10%. "The rural property market - the influence of woods in property values 1993" Forestry Commission £5.00 (Available for loan) | ||
| 650 | _aFORESTRY COMMISSION | ||
| 650 | _aJOHN CLEGG & CO | ||
| 650 | _aLAND VALUES | ||
| 650 | _aPUBLIC ACCESS | ||
| 650 | _aVALUATION METHODS | ||
| 650 | _aWOODLAND GRANT SCHEME | ||
| 650 | _aWOODLAND | ||
| 690 | _aRATING AND VALUATION | ||
| 690 | _aRURAL PRACTICE | ||
| 942 | _n0 | ||
| 948 | _c04/03/1997 | ||
| 999 |
_c32662 _d32662 |
||